Culture générale ! Une image... Un des... (38) - Statistiques

Statistiques générales
  • Ce quiz a été pris 119 fois
  • Le résultat moyen est 17 sur 30
Statistiques - réponses
Par images Hint Réponse % Correct
insectes coccinelle
99%
plats espagnols Paëlla
96%
animaux du monde lama
91%
princesses de fiction Fiona
89%
planètes Saturne
89%
biscuits industriels Mikado
88%
instruments de musique maracas
87%
Logos de la communication Bluetooth
82%
animaux du monde caméléon
81%
sous-vêtements corset
81%
jeux de société Puissance 4
80%
logos d association WWF
79%
métros du monde (ville) Londres
78%
pays du monde Israël
63%
premières dames américaines Jackie Kennedy
62%
festivals Woodstock
57%
Films français célébrissimes La cité de la peur
55%
instruments de mesure Métronome
52%
objet précieux Oeuf de {Fabergé}
52%
parties d'une voiture bougies
46%
films américains Ben Hur
40%
philosophes asiatiques Confucius
32%
pays du monde Trinité-et-Tobago
32%
batailles de l histoire de France Waterloo
30%
présidents américains Harry Truman
20%
Flms de Noël Love actually
12%
pays du monde Japon
9%
acteurs américains Sidney Poitier
8%
monuments londoniens Royal Albert Hall
7%
ville d Espagne Tolède
7%
Aucun quiz correspondant
Distribution des résultats
% des personnes avec chaque résultat
Percentile par nombre de réponses
Votre historique - résultats
Vous n’avez pas pris ce quiz